| 000 | 00637nam a22001937a 4500 | ||
|---|---|---|---|
| 999 |
_c62216 _d62216 |
||
| 005 | 20240802145104.0 | ||
| 008 | 240802s2015 en ||||| |||| 00| 0 eng d | ||
| 020 | _a9780199687817 X | ||
| 041 | _aeng | ||
| 080 | _a61(038) C-74 | ||
| 245 | _a Concise medical dictionary | ||
| 250 | _aNinth Edition | ||
| 264 |
_a[Oxford] : _b Oxford University Press, _c2015. |
||
| 300 |
_a861 p.: _b19 cm. |
||
| 653 | _a Concise medical dictionary | ||
| 653 | _a Dictionaries Medical sciences Medical sciences Dictionaries Medicine Medicine Dictionaries | ||
| 653 | _aსამედიცინო ლექსიკონი | ||
| 942 |
_2udc _cBK |
||